000
00250nam a22001217a 4500
003
SGT
082
_a
823
_b
CAH
100
_a
CAHALAN SUSANNAH
245
_a
BRAIN ON FIRE
260
_a
LONDON
_b
PENGUIN PUB
_c
2014
300
_a
264
942
_2
ddc
_c
BK
999
_c
33997
_d
33997